000 00364pab a2200145 454500
008 180718b2017 xxu||||| |||| 00| 0 eng d
100 _aAgrawal, Pradeep
245 _aLabour policies and labour welfare: an international comparison
260 _c2017
300 _ap.42-46.
362 _aApr
650 _aLabour policy
773 _aYojana
909 _a114246
999 _c114240
_d114240